000 01030cab a22002055a 4500
001 L145433
008 081008e20081003xxkd f s 000 0 eng d
035 _a(Sirsi) u145433
041 0 _aeng
100 1 _aFarmer, Mark
245 0 0 _aStudents make the grade
260 _c2008
490 _aProperty Week
_v73(40) 3 October 2008, 54(1)
520 _aLooks at privately run student accommodation as an increasingly common alternative to buy to let and provides indicative figures for benchmark costs of student residential accommodation costs of student residences. Strong planning, balancing of costs and creating a unique brand are identified as key areas for success in a market that looks to grow as a result of falling capital values in the residential property market.
590 _aKA
651 4 _aEngland and Wales
_y1543-
690 _aPROPERTY-RESIDENTIAL PROPERTY-COMMUNAL RESIDENTIAL PROPERTY-COMMUNAL RESIDENTIAL FACILITIES
690 _aPROPERTY-RESIDENTIAL PROPERTY-RESIDENTIAL PROPERTY MARKET
942 _n0
999 _c80814
_d80814